| 000 | 01578cam a22001934a 4500 | ||
|---|---|---|---|
| 005 | 20250605163452.0 | ||
| 008 | 250528s ||||||||||||||||||||||||d | ||
| 035 | _a19870 | ||
| 020 | _a7896066985 | ||
| 040 |
_aGR-AtMCL _bgre _dGR-AtMCL _eAACR2 |
||
| 245 | 1 | _aΚαπιταλισμός και Ελευθερία / Με Νέο Πρόλογο του Συγγραφέα: 40η Επετειακή Έκδοση | |
| 250 | _a40η | ||
| 260 |
_bΗμερησία Α.Ε, _c2014 |
||
| 300 | _a288 | ||
| 520 | _aΤο παρόν βιβλίο ίσως αλλάξει τις πεποιθήσεις σας περί οικονομικής ηθικής. Πρόλογος, Εισαγωγή, Η Σχέση μεταξύ Οικονομικής και Πολιτικής Ελευθερίας, Ο Ρόλος της Κυβέρνησης σε μια Ελεύθερη Κοινωνία, Ο Έλεγχος του Χρήματος, Διεθνής Χρηματοοικονομική και Εμπορική Οργάνωση, Δημοσιονομική Πολιτική, Ο Ρόλος της Κυβέρνησης στην Εκπαίδευση, Καπιταλισμός και Διακρίσεις, Το Μονοπώλιο και η Κοινωνική Ευθύνη των Επιχειρήσεων και της Εργασίας, Άδειες Άσκησης Επαγγέλματος, Η Διανομή του Εισοδήματος, Μέτρα Κοινωνικής Πρόνοιας, Η Ανακούφιση της Φτώχειας, Επίλογος. | ||
| 942 | _cBK | ||
| 999 |
_c5113 _d5113 |
||